| 000 | 00574nam a2200181Ia 4500 | ||
|---|---|---|---|
| 008 | 151202s9999||||xx |||||||||||||| ||und|| | ||
| 082 | _bPNVM-75922 | ||
| 100 | _aभागवत य्शवंत | ||
| 245 | _aआजो | ||
| 260 | _b"नवल प्रकाशन,87सुकृती अपार्टमेंट पर्वती पुणे 9" | ||
| 260 | _c2015 | ||
| 300 | _a160 | ||
| 600 | _aभागवत य्शवंत | ||
| 630 | _aआजो | ||
| 700 | _aभागवत य्शवंत | ||
| 730 | _aआजो | ||
| 942 | _cBOOK | ||
| 999 |
_c1342581 _d1342578 |
||